[Event "World Youth & Cadets Blitz Championships"]
[Site "Rhodes, Greece"]
[Date "2022.05.03"]
[Round "4.2"]
[White "Koziorowicz, Michal"]
[Black "Subelj, Jan"]
[Result "1/2-1/2"]
[TimeControl "5'/game & 2\"/move"]
[WhiteElo "2219"]
[BlackElo "2328"]

1. e4 {[%clk 00:05:04]} {[%emt 00:01:10]} e5 {[%clk 00:05:04]} 2. Bc4 {[%clk
00:05:04]} {[%emt 00:00:02]} Nf6 {[%clk 00:05:04]} {[%emt 00:00:01]} 3. d3
{[%clk 00:05:05]} {[%emt 00:00:01]} c6 {[%clk 00:05:05]} {[%emt 00:00:01]} 4.
Nf3 {[%clk 00:05:06]} {[%emt 00:00:01]} Be7 {[%clk 00:04:37]} {[%emt 00:00:30]}
5. O-O {[%clk 00:05:05]} {[%emt 00:00:03]} d6 {[%clk 00:04:38]} {[%emt
00:00:01]} 6. Re1 {[%clk 00:04:54]} {[%emt 00:00:13]} O-O {[%clk 00:04:38]}
{[%emt 00:00:02]} 7. Nbd2 {[%clk 00:04:55]} h6 {[%clk 00:04:36]} {[%emt
00:00:04]} 8. Nf1 {[%clk 00:04:55]} {[%emt 00:00:02]} Be6 {[%clk 00:04:31]}
{[%emt 00:00:07]} 9. Bb3 {[%clk 00:04:51]} {[%emt 00:00:06]} a5 {[%clk
00:04:27]} {[%emt 00:00:06]} 10. c3 {[%clk 00:04:51]} {[%emt 00:00:02]} Bxb3
{[%clk 00:04:26]} {[%emt 00:00:03]} 11. Qxb3 {[%clk 00:04:51]} {[%emt
00:00:03]} Nbd7 {[%clk 00:04:19]} {[%emt 00:00:09]} 12. Qxb7 {[%clk 00:04:19]}
{[%emt 00:00:34]} Nc5 {[%clk 00:04:19]} {[%emt 00:00:02]} 13. Qxc6 {[%clk
00:04:19]} {[%emt 00:00:01]} Nxd3 {[%clk 00:04:09]} {[%emt 00:00:12]} 14. Rd1
{[%clk 00:04:13]} {[%emt 00:00:08]} Nc5 {[%clk 00:04:06]} {[%emt 00:00:05]} 15.
Be3 {[%clk 00:03:47]} {[%emt 00:00:28]} Rc8 {[%clk 00:03:56]} {[%emt 00:00:12]}
16. Qb5 {[%clk 00:03:48]} {[%emt 00:00:01]} Rb8 {[%clk 00:03:57]} {[%emt
00:00:01]} 17. Qe2 {[%clk 00:03:49]} Na4 {[%clk 00:03:28]} {[%emt 00:00:31]} 18.
Rab1 {[%clk 00:03:37]} {[%emt 00:00:15]} Qc7 {[%clk 00:03:29]} {[%emt
00:00:01]} 19. Ng3 {[%clk 00:03:28]} {[%emt 00:00:10]} Rb7 {[%clk 00:03:19]}
{[%emt 00:00:12]} 20. Qc2 {[%clk 00:03:22]} {[%emt 00:00:08]} Qc6 {[%clk
00:03:18]} {[%emt 00:00:04]} 21. c4 {[%clk 00:03:19]} {[%emt 00:00:05]} Ng4
{[%clk 00:03:12]} {[%emt 00:00:08]} 22. Nf5 {[%clk 00:02:51]} {[%emt 00:00:30]}
Nxe3 {[%clk 00:03:01]} {[%emt 00:00:13]} 23. Nxe3 {[%clk 00:02:51]} {[%emt
00:00:02]} Nc5 {[%clk 00:03:01]} {[%emt 00:00:01]} 24. Nd5 {[%clk 00:02:47]}
{[%emt 00:00:06]} Bd8 {[%clk 00:03:02]} {[%emt 00:00:01]} 25. b3 {[%clk
00:02:45]} {[%emt 00:00:05]} g6 {[%clk 00:02:59]} {[%emt 00:00:04]} 26. Qe2
{[%clk 00:02:36]} {[%emt 00:00:11]} f5 {[%clk 00:02:56]} {[%emt 00:00:05]} 27.
Nd2 {[%clk 00:02:27]} {[%emt 00:00:11]} Rbf7 {[%clk 00:02:36]} {[%emt
00:00:23]} 28. f3 {[%clk 00:02:20]} {[%emt 00:00:09]} Bg5 {[%clk 00:02:22]}
{[%emt 00:00:16]} 29. a3 {[%clk 00:02:06]} {[%emt 00:00:16]} Ne6 {[%clk
00:02:11]} {[%emt 00:00:12]} 30. b4 {[%clk 00:01:59]} {[%emt 00:00:09]} Nd4
{[%clk 00:02:09]} {[%emt 00:00:04]} 31. Qd3 {[%clk 00:01:52]} {[%emt 00:00:08]}
Kg7 {[%clk 00:02:08]} {[%emt 00:00:04]} 32. Nb3 {[%clk 00:01:42]} {[%emt
00:00:12]} Nxb3 {[%clk 00:01:29]} {[%emt 00:00:42]} 33. Rxb3 {[%clk 00:01:43]}
axb4 34. axb4 {[%clk 00:01:41]} Rc8 {[%clk 00:01:30]} {[%emt 00:00:01]} 35. Rc3
{[%clk 00:01:37]} {[%emt 00:00:06]} fxe4 {[%clk 00:00:56]} {[%emt 00:00:37]} 36.
Qxe4 {[%clk 00:01:37]} {[%emt 00:00:02]} Ra7 {[%clk 00:00:55]} {[%emt
00:00:02]} 37. c5 {[%clk 00:01:30]} {[%emt 00:00:09]} Qa4 {[%clk 00:00:39]}
{[%emt 00:00:19]} 38. Rf1 {[%clk 00:01:05]} {[%emt 00:00:27]} dxc5 {[%clk
00:00:23]} {[%emt 00:00:18]} 39. Qxe5+ {[%clk 00:01:04]} {[%emt 00:00:02]} Kh7
{[%clk 00:00:24]} 40. Rxc5 {[%clk 00:00:57]} {[%emt 00:00:10]} Rxc5 {[%clk
00:00:25]} 41. bxc5 {[%clk 00:00:56]} {[%emt 00:00:02]} Qc6 {[%clk 00:00:26]}
42. Kh1 {[%clk 00:00:37]} {[%emt 00:00:22]} Rf7 {[%clk 00:00:14]} {[%emt
00:00:13]} 43. f4 {[%clk 00:00:30]} {[%emt 00:00:09]} Rf5 {[%clk 00:00:15]}
{[%emt 00:00:02]} 44. Qc7+ {[%clk 00:00:20]} {[%emt 00:00:12]} Qxc7 {[%clk
00:00:15]} {[%emt 00:00:02]} 45. Nxc7 {[%clk 00:00:21]} Rxc5 {[%clk 00:00:12]}
{[%emt 00:00:05]} 46. Ne6 {[%clk 00:00:19]} {[%emt 00:00:04]} Rf5 {[%clk
00:00:12]} {[%emt 00:00:01]} 47. g3 {[%clk 00:00:08]} {[%emt 00:00:13]} Be7
{[%clk 00:00:12]} {[%emt 00:00:02]} 48. Kg2 {[%clk 00:00:09]} {[%emt 00:00:01]}
Kg8 {[%clk 00:00:11]} {[%emt 00:00:04]} 49. Nd4 {[%clk 00:00:09]} {[%emt
00:00:01]} Ra5 {[%clk 00:00:12]} {[%emt 00:00:02]} 50. Nf3 {[%clk 00:00:06]}
{[%emt 00:00:05]} Bf6 {[%clk 00:00:12]} {[%emt 00:00:01]} 51. Rf2 {[%clk
00:00:07]} {[%emt 00:00:02]} Kf7 {[%clk 00:00:13]} {[%emt 00:00:01]} 52. Rc2
{[%clk 00:00:08]} Ra7 {[%clk 00:00:14]} 53. Nd2 {[%clk 00:00:08]} {[%emt
00:00:01]} Ra3 {[%clk 00:00:09]} {[%emt 00:00:07]} 54. Ne4 {[%clk 00:00:09]}
{[%emt 00:00:01]} Be7 {[%clk 00:00:08]} {[%emt 00:00:03]} 55. Kh3 {[%clk
00:00:09]} {[%emt 00:00:02]} Ra4 {[%clk 00:00:08]} {[%emt 00:00:03]} 56. Nf2
{[%clk 00:00:10]} Ra5 {[%clk 00:00:08]} {[%emt 00:00:02]} 57. Nd3 {[%clk
00:00:11]} {[%emt 00:00:01]} Bf6 {[%clk 00:00:08]} {[%emt 00:00:01]} 58. Rc7+
{[%clk 00:00:12]} Kg8 {[%clk 00:00:09]} {[%emt 00:00:02]} 59. Rc6 {[%clk
00:00:13]} {[%emt 00:00:01]} Kf7 {[%clk 00:00:09]} 60. Nf2 {[%clk 00:00:14]}
{[%emt 00:00:01]} g5 {[%clk 00:00:10]} {[%emt 00:00:01]} 61. Ng4 {[%clk
00:00:14]} {[%emt 00:00:02]} Bg7 {[%clk 00:00:07]} {[%emt 00:00:05]} 62. Nxh6+
{[%clk 00:00:15]} {[%emt 00:00:01]} Bxh6 {[%clk 00:00:08]} {[%emt 00:00:01]} 63.
Rxh6 {[%clk 00:00:16]} gxf4 {[%clk 00:00:09]} 64. gxf4 {[%clk 00:00:17]} {[%emt
00:00:01]} Kg7 {[%clk 00:00:10]} 65. Rb6 {[%clk 00:00:18]} {[%emt 00:00:01]}
Ra1 {[%clk 00:00:11]} {[%emt 00:00:01]} 66. Kh4 {[%clk 00:00:18]} {[%emt
00:00:02]} Rg1 {[%clk 00:00:11]} {[%emt 00:00:02]} 67. h3 {[%clk 00:00:19]}
{[%emt 00:00:01]} Kf7 {[%clk 00:00:11]} {[%emt 00:00:03]} 68. Kh5 {[%clk
00:00:17]} {[%emt 00:00:04]} Kg7 {[%clk 00:00:12]} 69. h4 {[%clk 00:00:18]}
{[%emt 00:00:01]} Kf7 {[%clk 00:00:13]} {[%emt 00:00:01]} 70. Kh6 {[%clk
00:00:16]} {[%emt 00:00:04]} Rg4 {[%clk 00:00:14]} 71. f5 {[%clk 00:00:16]}
{[%emt 00:00:03]} Rxh4+ {[%clk 00:00:14]} {[%emt 00:00:01]} 72. Kg5 {[%clk
00:00:16]} {[%emt 00:00:02]} Rh1 {[%clk 00:00:09]} {[%emt 00:00:07]} 73. Rb7+
{[%clk 00:00:17]} Kg8 {[%clk 00:00:05]} {[%emt 00:00:04]} 74. Kg6 {[%clk
00:00:17]} {[%emt 00:00:03]} Rg1+ {[%clk 00:00:06]} {[%emt 00:00:01]} 75. Kf6
{[%clk 00:00:18]} {[%emt 00:00:01]} Rf1 {[%clk 00:00:06]} {[%emt 00:00:02]} 76.
Rb8+ {[%clk 00:00:20]} Kh7 {[%clk 00:00:07]} 77. Ra8 {[%clk 00:00:19]} {[%emt
00:00:02]} Rf2 {[%clk 00:00:06]} {[%emt 00:00:03]} 78. Ke6 {[%clk 00:00:20]}
{[%emt 00:00:02]} Re2+ {[%clk 00:00:06]} {[%emt 00:00:02]} 79. Kf7 {[%clk
00:00:21]} Rb2 {[%clk 00:00:06]} {[%emt 00:00:01]} 80. Re8 {[%clk 00:00:21]}
{[%emt 00:00:03]} Ra2 {[%clk 00:00:03]} {[%emt 00:00:05]} 81. f6 {[%clk
00:00:21]} {[%emt 00:00:01]} Ra7+ {[%clk 00:00:04]} {[%emt 00:00:01]} 82. Re7
{[%clk 00:00:22]} {[%emt 00:00:02]} Ra8 {[%clk 00:00:05]} 83. Rb7 {[%clk
00:00:22]} {[%emt 00:00:02]} Rc8 {[%clk 00:00:06]} 84. Ke7 {[%clk 00:00:22]}
{[%emt 00:00:03]} Kg6 {[%clk 00:00:07]} {[%emt 00:00:01]} 85. Rd7 {[%clk
00:00:20]} {[%emt 00:00:03]} Ra8 {[%clk 00:00:08]} {[%emt 00:00:02]} 86. Rd6
{[%clk 00:00:15]} {[%emt 00:00:07]} Ra7+ {[%clk 00:00:07]} {[%emt 00:00:02]} 87.
Ke6 {[%clk 00:00:16]} Rf7 {[%clk 00:00:08]} 88. Ke5 {[%clk 00:00:18]} {[%emt
00:00:01]} Rf8 {[%clk 00:00:08]} {[%emt 00:00:02]} 89. f7+ {[%clk 00:00:16]}
{[%emt 00:00:04]} Kxf7 {[%clk 00:00:09]} 90. Rf6+ {[%clk 00:00:17]} Ke7 {[%clk
00:00:11]} 91. Rxf8 {[%clk 00:00:18]} {[%emt 00:00:01]} Kxf8 {[%clk 00:00:12]}
92. Ke4 {[%clk 00:00:00]} {[%emt 00:00:02]} 1/2-1/2

[Event "World Youth & Cadets Blitz Championships"]
[Site "Rhodes, Greece"]
[Date "2022.05.03"]
[Round "4.3"]
[White "Gregoric, Andraz"]
[Black "Trushko, Andrii"]
[Result "0-1"]
[TimeControl "5'/game & 2\"/move"]
[WhiteElo "1948"]
[BlackElo "2222"]

1. e4 {[%clk 00:05:03]} c6 {[%clk 00:05:04]} {[%emt 00:00:01]} 2. Nf3 {[%clk
00:05:04]} {[%emt 00:00:01]} d5 {[%clk 00:05:05]} {[%emt 00:00:01]} 3. d3
{[%clk 00:05:05]} d4 {[%clk 00:04:55]} {[%emt 00:00:12]} 4. g3 {[%clk
00:04:59]} {[%emt 00:00:08]} c5 {[%clk 00:04:55]} {[%emt 00:00:02]} 5. Bg2
{[%clk 00:04:59]} Nc6 {[%clk 00:04:57]} {[%emt 00:00:01]} 6. O-O {[%clk
00:04:59]} {[%emt 00:00:02]} e5 {[%clk 00:04:58]} 7. a4 {[%clk 00:04:58]}
{[%emt 00:00:03]} Bd6 {[%clk 00:04:57]} {[%emt 00:00:03]} 8. h3 {[%clk
00:04:42]} {[%emt 00:00:18]} f6 {[%clk 00:04:55]} {[%emt 00:00:04]} 9. Na3
{[%clk 00:04:32]} {[%emt 00:00:12]} Be6 {[%clk 00:04:56]} 10. Ne1 {[%clk
00:04:24]} {[%emt 00:00:10]} Nge7 {[%clk 00:04:54]} {[%emt 00:00:04]} 11. f4
{[%clk 00:04:24]} {[%emt 00:00:02]} Qd7 {[%clk 00:04:54]} {[%emt 00:00:03]} 12.
f5 {[%clk 00:04:24]} Bf7 {[%clk 00:04:55]} {[%emt 00:00:01]} 13. Bd2 {[%clk
00:03:35]} {[%emt 00:00:50]} a5 {[%clk 00:04:44]} {[%emt 00:00:14]} 14. Nf3
{[%clk 00:03:22]} {[%emt 00:00:15]} Nb4 {[%clk 00:04:42]} {[%emt 00:00:05]} 15.
Qe2 {[%clk 00:03:05]} {[%emt 00:00:18]} Nc8 {[%clk 00:04:25]} {[%emt 00:00:19]}
16. b3 {[%clk 00:02:42]} {[%emt 00:00:25]} Na7 {[%clk 00:04:21]} {[%emt
00:00:07]} 17. Bxb4 {[%clk 00:02:41]} {[%emt 00:00:02]} cxb4 {[%clk 00:04:16]}
{[%emt 00:00:07]} 18. Nc4 {[%clk 00:02:31]} {[%emt 00:00:13]} Bxc4 {[%clk
00:04:10]} {[%emt 00:00:07]} 19. dxc4 {[%clk 00:02:31]} {[%emt 00:00:02]} O-O-O
{[%clk 00:04:10]} {[%emt 00:00:03]} 20. Rad1 {[%clk 00:01:50]} {[%emt
00:00:43]} Kb8 {[%clk 00:04:05]} {[%emt 00:00:06]} 21. Rd3 {[%clk 00:01:45]}
{[%emt 00:00:07]} Bc5 {[%clk 00:04:06]} {[%emt 00:00:01]} 22. Kf2 {[%clk
00:01:41]} {[%emt 00:00:06]} Rdg8 {[%clk 00:04:03]} {[%emt 00:00:05]} 23. Ke1
{[%clk 00:01:38]} {[%emt 00:00:06]} Nc8 {[%clk 00:03:49]} {[%emt 00:00:15]} 24.
Nh4 {[%clk 00:01:13]} {[%emt 00:00:27]} b6 {[%clk 00:03:44]} {[%emt 00:00:07]}
25. Rg1 {[%clk 00:01:09]} {[%emt 00:00:05]} Be7 {[%clk 00:03:45]} {[%emt
00:00:02]} 26. Bf1 {[%clk 00:01:00]} {[%emt 00:00:11]} Nd6 {[%clk 00:03:46]}
{[%emt 00:00:01]} 27. g4 {[%clk 00:00:37]} {[%emt 00:00:25]} Qc6 {[%clk
00:03:48]} {[%emt 00:00:01]} 28. Bg2 {[%clk 00:00:35]} {[%emt 00:00:04]} Nb7
{[%clk 00:03:49]} {[%emt 00:00:01]} 29. Bh1 {[%clk 00:00:28]} {[%emt 00:00:07]}
Nc5 {[%clk 00:03:50]} 30. Qf3 {[%clk 00:00:17]} {[%emt 00:00:14]} Nxd3+ {[%clk
00:03:00]} {[%emt 00:00:53]} 31. cxd3 {[%clk 00:00:18]} Qe8 {[%clk 00:03:00]}
{[%emt 00:00:02]} 32. Bg2 {[%clk 00:00:08]} {[%emt 00:00:12]} g5 {[%clk
00:03:01]} {[%emt 00:00:01]} 33. Bf1 {[%clk 00:00:04]} {[%emt 00:00:06]} gxh4
{[%clk 00:03:00]} {[%emt 00:00:03]} 34. Be2 {[%clk 00:00:05]} {[%emt 00:00:01]}
h5 {[%clk 00:03:01]} {[%emt 00:00:01]} 35. Qf2 {[%clk 00:00:04]} {[%emt
00:00:03]} hxg4 {[%clk 00:03:02]} {[%emt 00:00:02]} 36. Bxg4 {[%clk 00:00:05]}
Bf8 {[%clk 00:03:03]} 37. Qc2 {[%clk 00:00:04]} {[%emt 00:00:03]} Qe7 {[%clk
00:03:02]} {[%emt 00:00:04]} 38. Rg2 {[%clk 00:00:05]} Bh6 {[%clk 00:03:03]}
{[%emt 00:00:02]} 39. Qe2 {[%clk 00:00:05]} {[%emt 00:00:01]} Bf4 {[%clk
00:02:59]} {[%emt 00:00:05]} 40. Qc2 {[%clk 00:00:03]} {[%emt 00:00:04]} Rg5
{[%clk 00:02:59]} {[%emt 00:00:03]} 41. Rg1 {[%clk 00:00:00]} {[%emt 00:00:03]}
0-1

[Event "World Youth & Cadets Blitz Championships"]
[Site "Rhodes, Greece"]
[Date "2022.05.03"]
[Round "4.4"]
[White "Nareks, Matic"]
[Black "Petrovskyi, Vadym"]
[Result "0-1"]
[TimeControl "5'/game & 2\"/move"]
[WhiteElo "2147"]
[BlackElo "2400"]

1. e4 {[%clk 00:05:03]} c5 {[%clk 00:05:03]} {[%emt 00:00:02]} 2. Nf3 {[%clk
00:05:04]} d6 {[%clk 00:05:04]} {[%emt 00:00:01]} 3. d4 {[%clk 00:05:06]} cxd4
{[%clk 00:05:06]} 4. Nxd4 {[%clk 00:05:07]} {[%emt 00:00:01]} Nf6 {[%clk
00:05:06]} {[%emt 00:00:01]} 5. Nc3 {[%clk 00:05:08]} a6 {[%clk 00:05:08]} 6.
h3 {[%clk 00:05:10]} e5 {[%clk 00:05:09]} 7. Nb3 {[%clk 00:05:11]} h5 {[%clk
00:05:04]} {[%emt 00:00:06]} 8. Bg5 {[%clk 00:05:10]} {[%emt 00:00:03]} Be6
{[%clk 00:05:05]} {[%emt 00:00:02]} 9. Be2 {[%clk 00:04:55]} {[%emt 00:00:16]}
Nbd7 {[%clk 00:05:03]} {[%emt 00:00:04]} 10. O-O {[%clk 00:04:47]} {[%emt
00:00:11]} Be7 {[%clk 00:05:04]} {[%emt 00:00:01]} 11. Qd2 {[%clk 00:04:30]}
{[%emt 00:00:19]} Rc8 {[%clk 00:05:04]} {[%emt 00:00:02]} 12. Rfe1 {[%clk
00:04:26]} {[%emt 00:00:06]} O-O {[%clk 00:04:49]} {[%emt 00:00:17]} 13. Rad1
{[%clk 00:04:20]} {[%emt 00:00:08]} b5 {[%clk 00:04:27]} {[%emt 00:00:24]} 14.
Bd3 {[%clk 00:03:55]} {[%emt 00:00:27]} Nb6 {[%clk 00:04:21]} {[%emt 00:00:08]}
15. Na5 {[%clk 00:03:46]} {[%emt 00:00:11]} Qc7 {[%clk 00:03:43]} {[%emt
00:00:41]} 16. a3 {[%clk 00:03:45]} {[%emt 00:00:02]} Rfd8 {[%clk 00:03:41]}
{[%emt 00:00:04]} 17. Qe2 {[%clk 00:03:34]} {[%emt 00:00:13]} Nc4 {[%clk
00:03:36]} {[%emt 00:00:08]} 18. Bxc4 {[%clk 00:02:29]} {[%emt 00:01:07]} bxc4
{[%clk 00:03:36]} {[%emt 00:00:01]} 19. Bxf6 {[%clk 00:02:09]} {[%emt
00:00:21]} Bxf6 {[%clk 00:03:37]} 20. Nd5 {[%clk 00:01:49]} {[%emt 00:00:22]}
Qxa5 {[%clk 00:03:36]} {[%emt 00:00:03]} 21. Nxf6+ {[%clk 00:01:50]} {[%emt
00:00:01]} gxf6 {[%clk 00:03:37]} {[%emt 00:00:02]} 22. Qxh5 {[%clk 00:01:51]}
{[%emt 00:00:01]} Kf8 {[%clk 00:03:34]} {[%emt 00:00:05]} 23. c3 {[%clk
00:01:43]} {[%emt 00:00:10]} Qb6 {[%clk 00:03:25]} {[%emt 00:00:10]} 24. Re2
{[%clk 00:01:41]} {[%emt 00:00:04]} Ke7 {[%clk 00:03:25]} {[%emt 00:00:03]} 25.
Kf1 {[%clk 00:01:39]} {[%emt 00:00:04]} Rh8 {[%clk 00:03:20]} {[%emt 00:00:06]}
26. Qf3 {[%clk 00:01:40]} {[%emt 00:00:02]} Rcg8 {[%clk 00:03:20]} {[%emt
00:00:02]} 27. Red2 {[%clk 00:01:39]} {[%emt 00:00:03]} Rd8 {[%clk 00:03:16]}
{[%emt 00:00:06]} 28. Qe2 {[%clk 00:01:30]} {[%emt 00:00:11]} Qc6 {[%clk
00:03:02]} {[%emt 00:00:16]} 29. f4 {[%clk 00:01:29]} {[%emt 00:00:03]} Rh4
{[%clk 00:02:56]} {[%emt 00:00:07]} 30. fxe5 {[%clk 00:01:25]} {[%emt
00:00:07]} fxe5 {[%clk 00:02:56]} {[%emt 00:00:02]} 31. Re1 {[%clk 00:01:16]}
{[%emt 00:00:11]} Rg8 {[%clk 00:02:49]} {[%emt 00:00:09]} 32. Qe3 {[%clk
00:01:12]} {[%emt 00:00:06]} Qc5 {[%clk 00:02:29]} {[%emt 00:00:22]} 33. Rf2
{[%clk 00:00:59]} {[%emt 00:00:16]} Qxe3 {[%clk 00:02:24]} {[%emt 00:00:06]} 34.
Rxe3 {[%clk 00:00:59]} {[%emt 00:00:01]} Bd7 {[%clk 00:02:19]} {[%emt
00:00:07]} 35. Rfe2 {[%clk 00:00:56]} {[%emt 00:00:06]} f5 {[%clk 00:02:08]}
{[%emt 00:00:13]} 36. exf5 {[%clk 00:00:56]} {[%emt 00:00:02]} Rf4+ {[%clk
00:02:08]} {[%emt 00:00:01]} 37. Kg1 {[%clk 00:00:56]} {[%emt 00:00:04]} Bxf5
{[%clk 00:02:08]} {[%emt 00:00:02]} 38. Kh2 {[%clk 00:00:46]} {[%emt 00:00:12]}
Bd3 {[%clk 00:01:55]} {[%emt 00:00:14]} 39. Rd2 {[%clk 00:00:43]} {[%emt
00:00:05]} Ke6 {[%clk 00:01:56]} {[%emt 00:00:01]} 40. b3 {[%clk 00:00:42]}
{[%emt 00:00:03]} Rb8 {[%clk 00:01:52]} {[%emt 00:00:05]} 41. bxc4 {[%clk
00:00:40]} {[%emt 00:00:05]} Bxc4 {[%clk 00:01:53]} {[%emt 00:00:01]} 42. g3
{[%clk 00:00:37]} {[%emt 00:00:05]} Rf1 {[%clk 00:01:52]} {[%emt 00:00:03]} 43.
Re4 {[%clk 00:00:33]} {[%emt 00:00:06]} Bd5 {[%clk 00:01:49]} {[%emt 00:00:05]}
0-1

[Event "World Youth & Cadets Blitz Championships"]
[Site "Rhodes, Greece"]
[Date "2022.05.03"]
[Round "4.5"]
[White "Tobak, Mikhail"]
[Black "Kusiak, Mateusz"]
[Result "1-0"]
[TimeControl "5'/game & 2\"/move"]
[WhiteElo "2068"]
[BlackElo "1631"]

1. e4 {[%clk 00:05:03]} {[%emt 00:00:19]} c5 {[%clk 00:05:03]} {[%emt
00:00:01]} 2. Nf3 {[%clk 00:05:04]} {[%emt 00:00:01]} Nf6 {[%clk 00:05:04]}
{[%emt 00:00:01]} 3. e5 {[%clk 00:04:55]} {[%emt 00:00:12]} Nd5 {[%clk
00:05:05]} {[%emt 00:00:01]} 4. d4 {[%clk 00:04:43]} {[%emt 00:00:13]} cxd4
{[%clk 00:05:01]} {[%emt 00:00:07]} 5. Qxd4 {[%clk 00:04:43]} {[%emt 00:00:01]}
e6 {[%clk 00:04:59]} {[%emt 00:00:04]} 6. c4 {[%clk 00:04:36]} {[%emt
00:00:09]} Nc6 {[%clk 00:04:53]} {[%emt 00:00:08]} 7. Qe4 {[%clk 00:04:31]}
{[%emt 00:00:07]} Nc7 {[%clk 00:04:33]} {[%emt 00:00:22]} 8. Nc3 {[%clk
00:04:29]} {[%emt 00:00:05]} Bb4 {[%clk 00:04:31]} {[%emt 00:00:04]} 9. Bd3
{[%clk 00:04:28]} {[%emt 00:00:02]} b6 {[%clk 00:04:20]} {[%emt 00:00:13]} 10.
Qg4 {[%clk 00:04:24]} {[%emt 00:00:05]} Kf8 {[%clk 00:03:58]} {[%emt 00:00:25]}
11. h4 {[%clk 00:04:11]} {[%emt 00:00:15]} d5 {[%clk 00:03:30]} {[%emt
00:00:30]} 12. Bg5 {[%clk 00:03:53]} {[%emt 00:00:21]} Qd7 {[%clk 00:03:11]}
{[%emt 00:00:21]} 13. O-O {[%clk 00:03:49]} {[%emt 00:00:06]} h6 {[%clk
00:03:05]} {[%emt 00:00:09]} 14. Be3 {[%clk 00:02:57]} {[%emt 00:00:53]} Bb7
{[%clk 00:02:06]} {[%emt 00:01:01]} 15. cxd5 {[%clk 00:02:50]} {[%emt
00:00:08]} Bxc3 {[%clk 00:01:45]} {[%emt 00:00:24]} 16. dxc6 {[%clk 00:02:16]}
{[%emt 00:00:36]} Bxc6 {[%clk 00:01:45]} {[%emt 00:00:02]} 17. Rad1 {[%clk
00:02:09]} {[%emt 00:00:08]} Bxf3 {[%clk 00:01:02]} {[%emt 00:00:45]} 18. Qxf3
{[%clk 00:02:08]} {[%emt 00:00:03]} Bxe5 {[%clk 00:01:03]} {[%emt 00:00:02]} 19.
Be4 {[%clk 00:01:48]} {[%emt 00:00:21]} Nd5 {[%clk 00:01:04]} {[%emt 00:00:01]}
20. Bxd5 {[%clk 00:01:46]} {[%emt 00:00:04]} Rb8 {[%clk 00:00:21]} {[%emt
00:00:45]} 21. Bb3 {[%clk 00:01:40]} {[%emt 00:00:09]} Qe7 {[%clk 00:00:19]}
{[%emt 00:00:03]} 22. Bf4 {[%clk 00:01:37]} {[%emt 00:00:05]} Bxf4 {[%clk
00:00:00]} {[%emt 00:00:23]} 1-0

[Event "World Youth & Cadets Blitz Championships"]
[Site "Rhodes, Greece"]
[Date "2022.05.03"]
[Round "4.6"]
[White "Pidluznij, Gleb"]
[Black "Hercegovac, Neven"]
[Result "1/2-1/2"]
[TimeControl "5'/game & 2\"/move"]
[WhiteElo "2044"]
[BlackElo "2003"]

1. d4 {[%clk 00:05:03]} Nf6 {[%clk 00:05:03]} {[%emt 00:00:01]} 2. Bg5 {[%clk
00:05:04]} {[%emt 00:00:01]} Ne4 {[%clk 00:05:04]} {[%emt 00:00:01]} 3. Bf4
{[%clk 00:05:05]} {[%emt 00:00:02]} Nc6 {[%clk 00:05:05]} {[%emt 00:00:01]} 4.
d5 {[%clk 00:04:58]} {[%emt 00:00:09]} e5 {[%clk 00:04:58]} {[%emt 00:00:08]} 5.
Bc1 {[%clk 00:04:12]} {[%emt 00:00:49]} Bc5 {[%clk 00:04:02]} {[%emt 00:00:58]}
6. e3 {[%clk 00:04:06]} {[%emt 00:00:07]} Ne7 {[%clk 00:03:47]} {[%emt
00:00:17]} 7. Nf3 {[%clk 00:03:22]} {[%emt 00:00:46]} d6 {[%clk 00:03:43]}
{[%emt 00:00:06]} 8. c4 {[%clk 00:03:11]} {[%emt 00:00:13]} O-O {[%clk
00:03:25]} {[%emt 00:00:20]} 9. Be2 {[%clk 00:03:05]} {[%emt 00:00:09]} f5
{[%clk 00:02:50]} {[%emt 00:00:36]} 10. O-O {[%clk 00:03:04]} {[%emt 00:00:03]}
g5 {[%clk 00:02:47]} {[%emt 00:00:06]} 11. Nbd2 {[%clk 00:02:24]} {[%emt
00:00:42]} g4 {[%clk 00:02:32]} {[%emt 00:00:17]} 12. Ne1 {[%clk 00:02:21]}
{[%emt 00:00:05]} Nxd2 {[%clk 00:02:06]} {[%emt 00:00:28]} 13. Bxd2 {[%clk
00:02:22]} {[%emt 00:00:01]} Ng6 {[%clk 00:01:59]} {[%emt 00:00:09]} 14. e4
{[%clk 00:01:59]} {[%emt 00:00:24]} fxe4 {[%clk 00:01:50]} {[%emt 00:00:12]} 15.
Bxg4 {[%clk 00:01:56]} {[%emt 00:00:04]} Qh4 {[%clk 00:01:44]} {[%emt
00:00:07]} 16. Bxc8 {[%clk 00:01:43]} {[%emt 00:00:16]} Rxf2 {[%clk 00:01:14]}
{[%emt 00:00:32]} 17. Be6+ {[%clk 00:01:40]} {[%emt 00:00:05]} Kh8 {[%clk
00:01:16]} 18. Nd3 {[%clk 00:00:20]} {[%emt 00:01:22]} exd3 {[%clk 00:01:08]}
{[%emt 00:00:10]} 19. Rxf2 {[%clk 00:00:19]} {[%emt 00:00:02]} Qxf2+ {[%clk
00:00:59]} {[%emt 00:00:12]} 20. Kh1 {[%clk 00:00:21]} Rf8 {[%clk 00:00:54]}
{[%emt 00:00:07]} 21. Bh6 {[%clk 00:00:21]} {[%emt 00:00:01]} Rf6 {[%clk
00:00:37]} {[%emt 00:00:20]} 22. Qxd3 {[%clk 00:00:21]} {[%emt 00:00:02]} Nh4
{[%clk 00:00:29]} {[%emt 00:00:10]} 23. Bh3 {[%clk 00:00:11]} {[%emt 00:00:11]}
Rxh6 {[%clk 00:00:26]} {[%emt 00:00:05]} 24. Rf1 {[%clk 00:00:12]} Qe3 {[%clk
00:00:22]} {[%emt 00:00:06]} 25. Qd1 {[%clk 00:00:11]} {[%emt 00:00:03]} Ng6
{[%emt 00:00:07]} 26. Qg4 {[%clk 00:00:10]} {[%emt 00:00:01]} Rxh3 {[%clk
00:00:09]} {[%emt 00:00:12]} 27. Qc8+ {[%clk 00:00:08]} {[%emt 00:00:12]} Kg7
{[%clk 00:00:08]} {[%emt 00:00:04]} 28. Qd7+ {[%clk 00:00:09]} Kh8 {[%clk
00:00:07]} {[%emt 00:00:04]} 29. Qc8+ {[%clk 00:00:08]} {[%emt 00:00:03]} Kg7
{[%emt 00:00:04]} 30. Qd7+ Kh6 {[%emt 00:00:01]} 31. Qxh3+ {[%emt 00:00:02]}
Qxh3 32. gxh3 {[%emt 00:00:01]} 1/2-1/2